Alle Formel 1 Teams seit 1950 | Deutsch - Statistiken

Allgemein
  • Dieses Quiz wurde 213 mal gespielt
    199 seit der letzten Aktualisierung
  • Das Durchschnittsergebnis liegt bei 28 aus 179
Antwortstatistiken
Erstes Jahr Letztes Jahr Team % Korrekt
1950 Ferrari
97%
1954 Mercedes
95%
1965 1965 RE
95%
1966 McLaren
93%
2005 Red Bull
90%
1975 Williams
86%
1977 2020 Renault
82%
2021 Alpine
80%
1959 Aston Martin
78%
2016 Haas
78%
1993 Sauber
78%
1950 2023 Alfa Romeo
72%
1952 1953 BMW
71%
2020 2023 Alpha Tauri
69%
2012 2015 Lotus F1
69%
1958 1994 Team Lotus
69%
2006 2019 Toro Rosso
64%
2008 2018 Force India
62%
2024 Racing Bulls
61%
2009 2009 Brawn
60%
1986 2001 Benetton
56%
1957 1964 Porsche
56%
2016 2020 Racing Point
56%
1964 2008 Honda
54%
1962 1992 Brabham
50%
2002 2009 Toyota
46%
1991 2005 Jordan
44%
1985 2005 Minardi
43%
2000 2004 Jaguar
41%
1950 1960 Maserati
35%
1997 2001 Prost
33%
1970 1998 Tyrrell
33%
2010 2012 HRT
31%
1991 1991 Lambo
30%
1997 1999 Stewart
30%
1999 2005 BAR
29%
2012 2016 Manor
29%
2006 2007 Spyker
29%
1951 1977 BRM
27%
2010 2014 Caterham
27%
1978 2002 Arrows
20%
2006 2010 BMW Sauber
20%
1954 1960 Vanwall
20%
1956 1956 Bugatti
19%
1976 1996 Ligier
18%
1962 1993 Lola
18%
1977 1979 Wolf
18%
2006 2008 Super Aguri
16%
1985 1989 Zakspeed
16%
1974 1978 Hesketh
14%
2006 2006 Midland
14%
1975 1975 Hill
11%
1981 1985 Toleman
11%
1975 1982 Fittipaldi
10%
1970 1992 March
10%
1967 1972 Matra
10%
1974 1977 Penske
10%
1970 1978 Surtees
9%
1966 1969 Eagle
7%
1954 1955 Lancia
7%
1973 1980 Shadow
7%
2010 2011 Virgin Racing
7%
1963 1984 ATS
6%
1950 1967 Cooper-Climax
6%
1950 1960 Kurtis Kraft
6%
1990 1991 Leyton House
6%
1988 1992 Dallara
5%
1991 1996 Footwork
5%
1995 1996 Forti
5%
1988 1989 Rial
5%
1994 1995 Simtek
5%
1990 1990 Life
4%
1986 1991 AGS
3%
1987 1989 Coloni
3%
1953 1953 EMW
3%
1950 1952 ERA
3%
1988 1990 Euro Brun
3%
1991 1992 Fondmetal
3%
1952 1956 Gordini
3%
1973 1974 Iso Marlboro
3%
1951 1960 Kuzma
3%
1989 1990 Onyx
3%
1980 1990 Osella
3%
1994 1995 Pazific
3%
1950 1953 Simca
3%
1950 1951 Talbot-Lago
3%
1978 1983 Theodore
3%
1952 1953 AFM
2%
1974 1974 Amon
2%
1963 1964 BRP
2%
1961 1970 De Tomaso
2%
1978 1978 Martini
2%
1983 1985 RAM
2%
1951 1953 Veritas
2%
1950 1950 Adams
1%
1950 1952 Alta
1%
1992 1992 Andrea Moda
1%
1960 1960 Behra-Porsche
1%
1970 1971 Bellasi
1%
1952 1959 Connaught
1%
1972 1972 Connew
1%
1950 1952 Deidt
1%
1956 1962 Emeryson
1%
1962 1962 ENB
1%
1973 1982 Ensign
1%
1955 1960 Epperly
1%
1961 1961 FISA
1%
1959 1959 Fry
1%
1951 1951 Hall
1%
1951 1954 HWM
1%
1959 1961 JBW
1%
1979 1979 Kauhsen
1%
1954 1954 Klenk
1%
1976 1977 Kojima
1%
1987 1994 Larrousse
1%
1974 1975 Lyncar
1%
1974 1976 Maki
1%
1977 1977 McGuire
1%
1951 1958 Osca
1%
1979 1979 Rebaque
1%
1960 1960 Scarab
1%
1963 1964 Scirocco
1%
1966 1966 Shannon
1%
1951 1952 Sherman
1%
1983 1985 Spirit
1%
1963 1963 Stebro
1%
1959 1959 Tec-Mec
1%
1969 1973 Tecno
1%
1974 1974 Token
1%
1974 1974 Trojan
1%
1950 1960 Watson
1%
1977 1977 Apollo
0%
1955 1955 Arzani-Volpini
0%
1952 1952 Aston Butterworth
0%
1976 1977 Boro
0%
1951 1954 Bromme
0%
1959 1960 Christensen
0%
1952 1952 Cisitalia
0%
1950 1950 Clemente Biondetti
0%
1968 1968 Cooper-BRM
0%
1960 1960 Cooper-Castellotti
0%
1960 1969 Cooper-Maserati
0%
1977 1977 Copersucar-Fittipaldi
0%
1953 1953 Del Roy
0%
1964 1964 Derrington-Francis
0%
1957 1959 Dunn
0%
1959 1959 Elder
0%
1950 1960 Ewing
0%
1961 1961 Ferguson
0%
1952 1952 Frazer-Nash
0%
1961 1963 Gilby
0%
1950 1950 Langley
0%
1962 1968 LDS
0%
1977 1977 LEC
0%
1950 1960 Lesovsky
0%
1950 1951 Marchese
0%
1961 1961 MBM
0%
1978 1979 Merzario
0%
1960 1960 Meskowski
0%
1950 1950 Milano
0%
1950 1959 Moore
0%
1950 1954 Nichels
0%
1950 1950 Olson
0%
1954 1955 Pankratz
0%
1974 1976 Parnelli
0%
1951 1955 Pawl
0%
1954 1960 Phillips
0%
1972 1972 Politoys
0%
1967 1967 Protos
0%
1950 1950 Rae
0%
1951 1955 Schroeder
0%
1961 1961 Scuderia Sant Ambroeus
0%
1950 1950 Snowberger
0%
1950 1956 Stevens
0%
1959 1959 Sutton
0%
1951 1960 Trevis
0%
1953 1953 Turner
0%
1950 1950 Wetteroth
0%
1976 1976 Wolf-Williams
0%
Keine übereinstimmenden Quizze gefunden
Verteilung der Resultate
Anzahl Personen mit jedem Resultat
Perzentil nach korrekt beantworteten Fragen
Ihre Resultats-Entwicklung
Sie haben dieses Quiz seit der letzten Aktualisierung nicht gespielt